000 00298nam a2200109Ia 4500
008 220204s9999 xx 000 0 und d
082 _a678.686
_bRAN
100 _aRanney, William M
245 0 _aEpoxy resins and products: Recent developments
260 _aNew Jersey
_bNoyes Data
_c1977
942 _cBK
999 _c30111
_d30111